| 000 | 00505nam a22001457a 4500 | ||
|---|---|---|---|
| 003 | SGT | ||
| 082 |
_a617.632 _bC23S |
||
| 100 | _aSaksena, Neha | ||
| 245 |
_aComparative Evaluation of Root Planing Procedure in Periodontitis Patients using Magnification Loupes, Surgical operating microscope and unaided vision techniques _bA Clinico-Microbiological Study |
||
| 260 |
_aGurugram, Haryana _bSGT University _c2023 |
||
| 300 | _a67 | ||
| 650 | _aPeriodontology | ||
| 653 | _aPeriodontology | ||
| 942 |
_2ddc _cTH |
||
| 999 |
_c23792 _d23792 |
||